A gyermek- és serdülõkori depresszió
Elmentve itt :
| Szerző: | |
|---|---|
| Dokumentumtípus: | Cikk |
| Megjelent: |
1999
|
| Sorozat: | KÓRHÁZ
6 No. 3 |
| Tárgyszavak: | |
| mtmt: | 1294641 |
| Online Access: | http://publicatio.bibl.u-szeged.hu/31506 |
| LEADER | 00599nab a2200193 i 4500 | ||
|---|---|---|---|
| 001 | publ31506 | ||
| 005 | 20250217151732.0 | ||
| 008 | 250217s1999 hu o 000 hun d | ||
| 022 | |a 0230-3868 | ||
| 024 | 7 | |a 1294641 |2 mtmt | |
| 040 | |a SZTE Publicatio Repozitórium |b hun | ||
| 041 | |a hun | ||
| 100 | 1 | |a Vetró Ágnes | |
| 245 | 1 | 2 | |a A gyermek- és serdülõkori depresszió |h [elektronikus dokumentum] / |c Vetró Ágnes |
| 260 | |c 1999 | ||
| 300 | |a 7-9 | ||
| 490 | 0 | |a KÓRHÁZ |v 6 No. 3 | |
| 650 | 4 | |a Klinikai orvostan | |
| 856 | 4 | 0 | |u http://publicatio.bibl.u-szeged.hu/31506/1/aok_klny_508_99.pdf |z Dokumentum-elérés |